00311nam a2200133Ia 45000030006000000080041000060400015000471000021000622450033000832500011001162600021001275460012001480050017001600STCL150530s9999 xx 000 0 und d aSTCLcSTCL aChandler Asa, C. aIntroduction to parasitology aNineth bJohn Wileyc1955 aEnglish20220125170451.0